000 00288nam a22001217a 4500
008 170712b xxu||||| |||| 00| 0 eng d
041 _aeng
080 _a038
100 _a08
101 _aFJA
245 _aNEW DICTIONARY OF THE AMERICAN LANGUAGE
_cGURALNIK.D.B
942 _2udc
_cBK
999 _c20386
_d20386